| 000 | 00482nam a2200157Ia 4500 | ||
|---|---|---|---|
| 003 | IN-BaIIA | ||
| 008 | 211028s9999 xx 000 0 eng d | ||
| 040 | _cIIA Library | ||
| 080 |
_a338.98 _bIND |
||
| 110 |
_aIndia. Planning Commission _97712 |
||
| 245 | 0 |
_aDraft fifth five year plan, 1974-79, _bvol. 1 _cGovt. of India. Planning Commission |
|
| 260 |
_aNew Delhi _bGovernment of India _c1974 |
||
| 300 | _aiii, 295p. | ||
| 650 | _aAstronomy and Astrophysics Thesaurus | ||
| 942 | _cBK | ||
| 999 |
_c4413 _d4413 |
||